Top 5 Songs On Lyfe (Yeat) - Statistics

General Stats
  • This quiz has been taken 323 times
    296 since last reset
  • The average score is 4 of 5
Answer Stats
Hint Answer % Correct
115,093,709 Flawless(feat. Lil Uzi Vert)
95%
148,135,007 Talk
95%
173,778,951 Out the way
89%
31,474,454 System
77%
20,368,396 Krank
74%
No matching quizzes found
Score Distribution
Percent of People with Each Score
Percentile by Number Answered
Your Score History
You have not taken this quiz since the last reset